000 00872nam a2200217Ia 4500
003 OSt
005 20200714170515.0
008 191128s1983 ck ado gr 000 0 spa d
040 _aCO-JMCR
_cCO-JMCR
041 0 _aspa
082 0 4 _a330.9861 /
_bB213c
_223
110 1 _aColombia. Banco de la República
_94817
245 1 0 _aColombia:
_breseña de su estructura económica /
_cBanco de la República
260 _aBogotá :
_bTalleres Gráficos del Banco de la República,
_c1983.
300 _a108 páginas :
_bfotografías, gráficos a color ;
_c20 cm.
505 0 _aIndicadores economicos -- Generalidades del país -- Estructura y tendencias de la producción -- Sistema financiero -- Sector público
650 1 4 _a Historia económica
_zColombia
_96882
650 2 4 _aIndustrias Relaciones
_97241
650 2 4 _aEconómicas Internacionales
_97242
942 _2ddc
_cBK
999 _c5559
_d5559